| 000 | 00415nab a2200145Ia 4500 | ||
|---|---|---|---|
| 003 | ES-SlBCS | ||
| 005 | 20210601125203.0 | ||
| 008 | 140529s1981 xxu||||| |||| 00| 0 eng d | ||
| 041 | _aeng | ||
| 100 | 1 |
_aKim, Chin-Tai _9155030 |
|
| 245 | 0 | 0 |
_aNorms and Freedom _c Chin-Tai Kim |
| 650 | 0 | 4 |
_aLibertad-Normas _9155031 |
| 773 | 0 |
_tPhilosophical Forum (The) _gvol. 12, nº. 4, 1981, págs. 311-321 _wRev833 |
|
| 942 | _cAR | ||
| 999 |
_c526164 _d526164 |
||